| 000 | 00481nam a2200157Ia 4500 | ||
|---|---|---|---|
| 008 | 240729s9999 xx 000 0 und d | ||
| 022 | _a1929-235X | ||
| 245 | 0 | _aCaribbean Quilt | |
| 260 | _aCanada | ||
| 260 | _bCaribbean Studies Students' Union | ||
| 650 | _a History of scholarship and learning. The humanities | Social Sciences | Education | ||
| 650 | _aGeneral Works | ||
| 856 | _uhttps://doaj.org/toc/c970fc61ce684098acfa70afbcdf1852 | ||
| 942 | _2ddc | ||
| 942 | _cDOAJEJ | ||
| 999 |
_c69285 _d69285 |
||
| 945 |
_a1 _bMadushi Gamage _c1 _dMadushi Gamage |
||